[Event "OBEM 2015"]
[Site "Germany , Bremen"]
[Date "2015.04.03"]
[Round "8.14"]
[White "Peters, Frank"]
[Black "Dietrich, Igor"]
[Result "1-0"]
[WhiteElo "2109"]
[BlackElo "1880"]
[PlyCount "109"]
[EventDate "2015.??.??"]

1. c4 Nf6 2. g3 c6 3. Nf3 d5 4. b3 Bf5 5. Bg2 e6 6. O-O Nbd7 7. Bb2 Bd6 8. d4
O-O 9. Nbd2 h6 10. Ne5 Ng4 11. Nxg4 Bxg4 12. h3 Bf5 13. e4 dxe4 14. Nxe4 Bxe4
15. Bxe4 Nf6 16. Bg2 Qc7 17. Qe2 Rfe8 18. Rac1 Qa5 19. Bc3 Qg5 20. Rcd1 Rad8
21. Rd3 Rd7 22. a4 Rde7 23. Re3 h5 24. h4 Qg6 25. Qd3 Qxd3 26. Rxd3 Rd7 27. Bf3
Red8 28. Rfd1 Ng4 29. Kg2 Bc5 30. R3d2 Be7 31. Ba5 Rc8 32. Rd3 Nf6 33. Kf1 Kf8
34. Bg2 Ke8 35. Bh3 b6 36. Bc3 Rcd8 37. Bg2 Rc7 38. Ke2 c5 39. dxc5 Rxc5 40.
Rxd8+ Bxd8 41. Bf3 g6 42. Rxd8+ Kxd8 43. Bxf6+ Kd7 44. Be4 a6 45. Bd4 Rc8 46.
Bxb6 Rb8 47. a5 f5 48. Bf3 e5 49. Bd5 Rf8 50. c5 Rf6 51. Bb7 e4 52. Bxa6 f4 53.
gxf4 Rxf4 54. Bb7 Rf6 55. a6 1-0

[Event "OBEM 2015"]
[Site "Germany , Bremen"]
[Date "2015.04.03"]
[Round "8.15"]
[White "Mulde, Ralf"]
[Black "Heldt, Nils-Lennart"]
[Result "1-0"]
[WhiteElo "2012"]
[BlackElo "1708"]
[PlyCount "75"]
[EventDate "2015.??.??"]

1. e4 c6 2. d4 d5 3. Nc3 dxe4 4. Nxe4 Bf5 5. Bd3 Bxe4 6. Bxe4 Nf6 7. Bf3 e6 8.
Ne2 Be7 9. O-O O-O 10. c4 Nbd7 11. Bf4 Re8 12. Nc3 Nb6 13. b3 Qd7 14. Be5 Red8
15. Qc1 Qe8 16. Qb2 Nfd7 17. Bc7 Rdc8 18. Bg3 Qf8 19. Rad1 h6 20. Rfe1 Nf6 21.
Re3 a5 22. Rde1 Ba3 23. Qc2 Bb4 24. R1e2 Ra6 25. Ne4 Nxe4 {(=)} 26. Bxe4 Be7
27. Qd1 Bf6 28. f4 Rd8 29. Rd3 a4 30. f5 axb3 31. axb3 exf5 32. Bxf5 Rda8 33.
Re1 Bxd4+ 34. Rxd4 Qc5 35. Bb1 Ra1 36. Bf2 Qf8 37. Rde4 Qb4 38. Re8+ 1-0

[Event "OBEM 2015"]
[Site "Germany , Bremen"]
[Date "2015.04.03"]
[Round "8.16"]
[White "Meyer, Thorsten"]
[Black "Buhrdorf, Axel"]
[Result "1/2-1/2"]
[WhiteElo "2004"]
[BlackElo "1813"]
[PlyCount "105"]
[EventDate "2015.??.??"]

1. e4 e6 2. d4 d5 3. exd5 exd5 4. Bd3 Nf6 5. Ne2 Be7 6. O-O O-O 7. Re1 Nbd7 8.
Nd2 c6 9. Nf1 Re8 10. Neg3 Nf8 11. Nf5 Bb4 12. Rxe8 Qxe8 13. c3 Ba5 14. Nd6 Qe7
15. Nxc8 Rxc8 16. Bd2 Bc7 17. Qc2 Ng6 18. Re1 Qd6 19. g3 Re8 20. Rxe8+ Nxe8 21.
Qb3 b5 22. Qd1 Qe7 23. a4 a6 24. axb5 axb5 25. Qa1 Qd8 26. Qa6 Ne7 27. Ne3 Nd6
28. Nc2 Qc8 29. Qxc8+ Ndxc8 30. f3 h6 31. Kf2 Nb6 32. Bf1 f6 33. Nb4 Bd6 34.
Nd3 Nc4 35. Bc1 Kf7 36. Bh3 g5 37. Ke2 f5 38. f4 g4 39. Bg2 h5 40. Ne5+ Nxe5
41. fxe5 Bc7 42. Kd3 Ke6 43. b3 Bb6 44. Bf1 Ng6 45. Be2 h4 46. Bd1 h3 47. Bg5
c5 48. Be3 c4+ 49. bxc4 dxc4+ 50. Ke2 Ba5 51. Kd2 Ne7 52. Kc2 Nd5 53. Bd2
1/2-1/2

[Event "OBEM 2015"]
[Site "Germany , Bremen"]
[Date "2015.04.03"]
[Round "8.17"]
[White "Rieping, Heiner"]
[Black "Jung, Gerald"]
[Result "1/2-1/2"]
[WhiteElo "1878"]
[BlackElo "1953"]
[PlyCount "44"]
[EventDate "2015.??.??"]

1. e4 c5 2. Nf3 d6 3. d4 cxd4 4. Nxd4 Nf6 5. Nc3 a6 6. Be3 e5 7. Nf3 Qc7 8. Be2
Be7 9. O-O O-O 10. Nd2 Nbd7 11. Bc4 b5 12. Nd5 Nxd5 13. Bxd5 Rb8 14. c4 Nf6 15.
Rc1 b4 16. Nb3 Be6 17. f3 Rfd8 18. Qe2 a5 19. Qf2 Nd7 20. Rfd1 a4 21. Nd2 Nc5
22. Qe2 Kh8 1/2-1/2

[Event "OBEM 2015"]
[Site "Germany , Bremen"]
[Date "2015.04.03"]
[Round "8.18"]
[White "Lange, Martin"]
[Black "Rau, Nikita"]
[Result "0-1"]
[WhiteElo "1869"]
[BlackElo "1939"]
[PlyCount "104"]
[EventDate "2015.??.??"]

1. e4 c5 2. Nf3 d6 3. Bc4 Nf6 4. Nc3 e6 5. O-O Nbd7 6. Ng5 Nb6 7. Qe2 Be7 8. e5
Nxc4 9. exf6 Bxf6 10. Nxf7 Kxf7 11. Qxc4 Rf8 12. Qg4 d5 13. d3 Kg8 14. Bd2 Bd7
15. Rae1 e5 16. Qg3 Bc6 17. Re2 b5 18. f4 Bh4 19. Qg4 b4 20. Qe6+ Kh8 21. Qxc6
bxc3 22. Bxc3 Rc8 23. Qb7 Rb8 24. Qxa7 d4 25. Ba5 Qd5 26. Rxe5 Qxa2 27. Qxc5
Qxb2 28. Bc7 Rbc8 29. Qc4 Qb7 30. Rc5 Bd8 31. Re1 Rxc7 32. Rxc7 Bxc7 33. Qf7
Qb4 34. Re8 Bd6 35. f5 Rxe8 36. Qxe8+ Bf8 37. Qe2 Qe7 38. Qe4 Qf6 39. h3 g6 40.
g4 gxf5 41. gxf5 Bd6 42. Kf2 Qe5 43. Kf3 h5 44. Qa8+ Kg7 45. Qc8 Qe3+ 46. Kg2
Qe2+ 47. Kg1 Qh2+ 48. Kf1 Qxh3+ 49. Kf2 Bg3+ 50. Kf3 Qg4+ 51. Kg2 Bf4+ 52. Kf2
Be3+ 0-1

[Event "OBEM 2015"]
[Site "Germany , Bremen"]
[Date "2015.04.03"]
[Round "8.20"]
[White "Bonacic, Jascha"]
[Black "Sausmikat, Armin"]
[Result "1-0"]
[WhiteElo "1861"]
[BlackElo "1893"]
[PlyCount "45"]
[EventDate "2015.??.??"]

1. d4 d5 2. Nc3 Nf6 3. Bf4 e6 4. f3 Bb4 5. Qd2 O-O 6. e3 c5 7. O-O-O Qa5 8.
Nge2 c4 9. g4 Nbd7 10. h4 Re8 11. h5 e5 12. dxe5 Nxe5 13. Bxe5 Rxe5 14. f4 Re8
15. g5 Bc5 16. Nd4 Ne4 17. Nxe4 Qxa2 18. Nc3 Qa1+ 19. Nb1 Bf5 20. Nxf5 g6 21.
Nd4 a5 22. hxg6 fxg6 23. Nb3 1-0

[Event "OBEM 2015"]
[Site "Germany , Bremen"]
[Date "2015.04.03"]
[Round "8.21"]
[White "Laubrock, Paul"]
[Black "Veit, Ingo"]
[Result "1-0"]
[WhiteElo "1793"]
[BlackElo "2001"]
[PlyCount "79"]
[EventDate "2015.??.??"]

1. d4 g6 2. e4 d6 3. Nc3 c6 4. Be3 Nh6 5. f3 f6 6. Qd2 Nf7 7. h4 Bg7 8. O-O-O
b5 9. g4 e5 10. h5 g5 11. dxe5 dxe5 12. Qxd8+ Nxd8 13. Nge2 Ne6 14. Ng3 Nf4 15.
Bxb5 Be6 16. Ba4 Kf7 17. h6 Bf8 18. Rd8 Rg8 19. Bxc6 Nxc6 20. Rxa8 Bc5 21. Bxc5
Rxa8 22. Rd1 a6 23. Nf5 Bxf5 24. exf5 Rd8 25. Rxd8 Nxd8 26. Ne4 Nb7 27. Nd6+
Nxd6 28. Bxd6 Ne2+ 29. Kd2 Nd4 30. Ke3 Nxc2+ 31. Kf2 Nd4 32. Bc5 Nc6 33. b4 Ke8
34. Ke3 Kd7 35. Ke4 Nd8 36. Kd5 Nf7 37. Bf8 Kd8 38. Bg7 Ke7 39. a4 Nd6 40.
Bxf6+ 1-0

[Event "OBEM 2015"]
[Site "Germany , Bremen"]
[Date "2015.04.03"]
[Round "8.22"]
[White "Meyer, Irmin"]
[Black "Goes, Carsten"]
[Result "1-0"]
[WhiteElo "1997"]
[BlackElo "1761"]
[PlyCount "69"]
[EventDate "2015.??.??"]

1. e4 d5 2. exd5 Qxd5 3. Nc3 Qd6 4. d4 Nf6 5. Nf3 c6 6. Ne5 Nbd7 7. Bf4 Nd5 8.
Ne4 Qb4+ 9. c3 Qxb2 10. Nc4 Qxa1 11. Qxa1 Nxf4 12. g3 Nd5 13. Qb2 N7f6 14.
Nxf6+ Nxf6 15. Bg2 e6 16. Na5 Bd6 17. Nxb7 Bxb7 18. Qxb7 O-O 19. Qxc6 Rad8 20.
O-O Bb8 21. Rc1 Rc8 22. Qa6 Rfd8 23. Qa3 Ne8 24. Qa4 Nf6 25. Rc2 Ne8 26. Bf3
Nf6 27. Kg2 h6 28. Rc1 Kh7 29. Qa3 Kg8 30. Rb1 Rc7 31. Rb3 Rcd7 32. Rb7 e5 33.
dxe5 Bxe5 34. Rxa7 Rd3 35. Qe7 1-0

[Event "OBEM 2015"]
[Site "Germany , Bremen"]
[Date "2015.04.03"]
[Round "8.23"]
[White "Ernst, Herwarth"]
[Black "Petrov, Iouri"]
[Result "0-1"]
[WhiteElo "1950"]
[BlackElo "1585"]
[PlyCount "34"]
[EventDate "2015.??.??"]

1. e4 e6 2. d4 d5 3. Nd2 Nf6 4. e5 Nfd7 5. Bd3 c5 6. c3 Nc6 7. Ne2 cxd4 8. cxd4
Be7 9. O-O O-O 10. Kh1 f6 11. f4 fxe5 12. fxe5 Nb4 13. Rxf8+ Qxf8 14. Bb1 Bg5
15. a3 Nc6 16. Bd3 Qf2 17. Ne4 dxe4 0-1

[Event "OBEM 2015"]
[Site "Germany , Bremen"]
[Date "2015.04.03"]
[Round "8.24"]
[White "Dehning-Busse, Karsten"]
[Black "Kuenitz, Bernhard"]
[Result "0-1"]
[WhiteElo "1796"]
[BlackElo "1900"]
[PlyCount "94"]
[EventDate "2015.??.??"]

1. d4 d5 2. Nc3 Nf6 3. Bg5 e6 4. e4 Be7 5. e5 Nfd7 6. Bxe7 Qxe7 7. Nb5 Nb6 8.
c3 O-O 9. f4 a6 10. Na3 c5 11. Nf3 Nc6 12. Qd2 Bd7 13. Be2 Rac8 14. O-O cxd4
15. cxd4 Qb4 16. Qe3 Na5 17. Qd2 Qxd2 18. Nxd2 Rc7 19. Rac1 Rfc8 20. Rxc7 Rxc7
21. Bd3 Rc8 22. f5 exf5 23. Bxf5 Bxf5 24. Rxf5 Na4 25. Rf1 Nxb2 26. Rb1 Nd3 27.
Nb3 Nxb3 28. axb3 Rc1+ 29. Rxc1 Nxc1 30. Kf2 Nxb3 31. Ke3 b5 32. Kd3 Na5 33.
Nc2 Nc6 34. Ne3 Ne7 35. Kc3 a5 36. Kb3 Kf8 37. h4 Ke8 38. g4 Kd7 39. Kc3 Kc6
40. Kb3 g6 41. h5 Kd7 42. hxg6 hxg6 43. Kc3 Ke6 44. Kb3 f5 45. exf6 Kxf6 46.
Kc3 Kg5 47. Kd3 Kf4 0-1

[Event "OBEM 2015"]
[Site "Germany , Bremen"]
[Date "2015.04.03"]
[Round "8.25"]
[White "Gebur, Thomas"]
[Black "Bilau, Max"]
[Result "0-1"]
[WhiteElo "1870"]
[BlackElo "1536"]
[PlyCount "70"]
[EventDate "2015.??.??"]

1. e4 e6 2. d4 c5 3. Nf3 cxd4 4. Nxd4 Nc6 5. Nc3 a6 6. Be3 Bb4 7. Bd3 Nf6 8.
O-O O-O 9. Nxc6 bxc6 10. Bg5 Be7 11. Qe2 d5 12. Rad1 Nd7 13. Bxe7 Qxe7 14. exd5
cxd5 15. Nxd5 Qc5 16. Bxh7+ Kxh7 17. Qe4+ g6 18. Nf6+ Nxf6 19. Qxa8 Qe5 20. Qf3
Qxb2 21. c3 Kg7 22. Rd4 Bb7 23. Qg3 Bd5 24. Rb4 Qe2 25. a4 Ne4 26. Qe5+ f6 27.
Qd4 Rf7 28. c4 Nd2 29. Rc1 Nxc4 30. Rbxc4 Bxc4 31. Qxc4 Qd2 32. h3 e5 33. Rb1
Qd6 34. Rc1 Rb7 35. Qe4 Qb6 {hier gewann Schwarz aufgrund Zeitüberschreitung}
0-1

[Event "OBEM 2015"]
[Site "Germany , Bremen"]
[Date "2015.04.03"]
[Round "8.26"]
[White "Buchloh, Adrian"]
[Black "Klemm, Robert"]
[Result "1-0"]
[WhiteElo "1611"]
[BlackElo "1860"]
[PlyCount "81"]
[EventDate "2015.??.??"]

1. d4 d6 2. e4 c6 3. Nc3 Nf6 4. f3 g6 5. Be3 Bg7 6. Qd2 h6 7. O-O-O Nbd7 8. Kb1
b5 9. e5 Ng8 10. exd6 exd6 11. Bf4 Nb6 12. Ne4 Bf8 13. Qe1 Be7 14. Nxd6+ Kf8
15. Ne4 Be6 16. c3 a5 17. Bd3 b4 18. Ne2 Kg7 19. g4 Nf6 20. h4 Nfd5 21. Bd2
bxc3 22. N4xc3 Nb4 23. Be4 N6d5 24. Qf2 Qb6 25. Bxd5 Nxd5 26. Nxd5 Bxd5 27. Bc3
a4 28. Nf4 Rhc8 29. Rhe1 Bd6 30. Nxd5 cxd5 31. Rc1 Bf4 32. Bd2 Bd6 33. f4 Rab8
34. Bc3 Rc4 35. f5 Qc7 36. Qf3 Bf4 37. Rc2 g5 38. hxg5 hxg5 39. Rh1 Rh8 40.
Rxh8 Kxh8 41. Qxd5 1-0

[Event "OBEM 2015"]
[Site "Germany , Bremen"]
[Date "2015.04.03"]
[Round "8.27"]
[White "Hoffer, Hayo"]
[Black "Proske, Matthias"]
[Result "1-0"]
[WhiteElo "1857"]
[BlackElo "1407"]
[PlyCount "51"]
[EventDate "2015.??.??"]

1. d4 Nf6 2. Nf3 g6 3. Bg5 Bg7 4. Nbd2 d5 5. e3 O-O 6. Bd3 b6 7. O-O Ba6 8.
Bxa6 Nxa6 9. Qe2 Qc8 10. c3 c5 11. Rfe1 Nc7 12. dxc5 bxc5 13. e4 Nxe4 14. Nxe4
dxe4 15. Qxe4 e6 16. Be7 Re8 17. Bxc5 Nd5 18. Bd4 Nf6 19. Qh4 Nd5 20. Bxg7 Kxg7
21. Qe4 a5 22. c4 Ne7 23. b3 h5 24. Nd4 a4 25. b4 Qxc4 26. Nf5+ 1-0

[Event "OBEM 2015"]
[Site "Germany , Bremen"]
[Date "2015.04.03"]
[Round "8.28"]
[White "Bruening, Martin"]
[Black "Weinitschke, Harald"]
[Result "0-1"]
[WhiteElo "1778"]
[BlackElo "1341"]
[PlyCount "124"]
[EventDate "2015.??.??"]

1. d4 e6 2. c4 c5 3. e3 Nf6 4. Nf3 b6 5. Nc3 Bb7 6. Be2 cxd4 7. exd4 Bb4 8. a3
Bxc3+ 9. bxc3 h6 10. O-O O-O 11. Bf4 d5 12. cxd5 Nxd5 13. Qd2 Nxf4 14. Qxf4 Nd7
15. c4 Rc8 16. Rac1 Qe7 17. Qe3 Nf6 18. Rfd1 Rfd8 19. Ne5 Nd7 20. Nf3 Bxf3 21.
Bxf3 e5 22. Bg4 Rc7 23. dxe5 Re8 24. Bxd7 Rxd7 25. f4 f6 26. Rxd7 Qxd7 27. Qc3
fxe5 28. fxe5 Qc7 29. Re1 Qc5+ 30. Kh1 b5 31. h3 {(=)} Qxc4 32. Qxc4+ bxc4 33.
Kh2 Kf7 34. Kg3 Ke6 35. Kf4 Rd8 36. Re4 Rf8+ 37. Ke3 Rc8 38. Kd2 Kd5 39. Re1
Re8 40. Kc3 Rxe5 41. Rd1+ Kc5 42. Rd7 Re3+ 43. Kb2 Re2+ 44. Kc3 Rxg2 45. Rc7+
Kb6 46. Rxc4 Rg3+ 47. Kb4 a5+ 48. Ka4 Rxh3 49. Re4 Rc3 50. Re6+ Rc6 51. Re5 g5
52. Rb5+ Kc7 53. Kxa5 g4 54. Rb3 h5 55. Rg3 Kb7 56. Kb5 Rf6 57. Re3 Rf7 58. a4
h4 59. Re4 Rg7 60. a5 h3 61. a6+ Ka7 62. Re1 g3 0-1

[Event "OBEM 2015"]
[Site "Germany , Bremen"]
[Date "2015.04.03"]
[Round "8.29"]
[White "Gerken, Jürgen"]
[Black "Jantzen, Ludwig"]
[Result "1-0"]
[WhiteElo "1599"]
[BlackElo "1965"]
[PlyCount "47"]
[EventDate "2015.??.??"]

1. d4 d5 2. c4 e6 3. Nc3 c5 4. cxd5 exd5 5. Nf3 Nc6 6. g3 Nf6 7. Bg2 Be6 8. O-O
Be7 9. dxc5 d4 10. Nb5 Bxc5 11. Bf4 Rc8 12. Rc1 Be7 13. Nfxd4 Nxd4 14. Rxc8
Qxc8 15. Nc7+ Kf8 16. Qxd4 Ne8 17. Nxe6+ Qxe6 18. Qxa7 g5 19. Be3 h5 20. Qxb7
Nd6 21. Qa8+ Kg7 22. Bd4+ f6 23. Qd5 Qxe2 24. Qxg5+ 1-0

[Event "OBEM 2015"]
[Site "Germany , Bremen"]
[Date "2015.04.03"]
[Round "8.30"]
[White "Schwenteck, Peter"]
[Black "Scheidt, Mike Niklas"]
[Result "1-0"]
[WhiteElo "1888"]
[BlackElo "1363"]
[PlyCount "75"]
[EventDate "2015.??.??"]

1. d4 d5 2. c4 e6 3. Nf3 c6 4. g3 Nf6 5. Bg2 Bd6 6. c5 Bc7 7. O-O O-O 8. Nc3
Nbd7 9. Bf4 Re8 10. Qc2 e5 11. dxe5 Nxe5 12. Nd4 Bd7 13. Rad1 Qc8 14. e4 Bh3
15. exd5 Bxg2 16. Kxg2 cxd5 17. Ndb5 Bb8 18. b4 Qc6 19. Nd4 Qd7 20. Rfe1 Nc6
21. Rxe8+ Qxe8 22. Bxb8 Rxb8 23. a3 Qd7 24. Nf5 Rd8 25. Nd6 Ne7 26. Qb3 b6 27.
Qc2 bxc5 28. bxc5 Qc6 29. Ncb5 Nc8 30. Nd4 Qc7 31. N6f5 Nd7 32. Rc1 Re8 33. Nb5
Qc6 34. Nbd4 Qc7 35. Qc3 f6 36. Qb3 Nxc5 37. Qxd5+ Kh8 38. Rxc5 1-0

[Event "OBEM 2015"]
[Site "Germany , Bremen"]
[Date "2015.04.03"]
[Round "8.31"]
[White "Koerber, Uwe"]
[Black "Kollars, Michael"]
[Result "1/2-1/2"]
[WhiteElo "1832"]
[BlackElo "1632"]
[PlyCount "73"]
[EventDate "2015.??.??"]

1. e4 e5 2. Nf3 Nc6 3. Bc4 Nf6 4. d3 Be7 5. c3 d6 6. Nbd2 O-O 7. Nf1 Na5 8. Bb3
Nxb3 9. Qxb3 c6 10. a4 Qc7 11. Bg5 Be6 12. c4 h6 13. Bxf6 Bxf6 14. Ne3 b5 15.
O-O bxc4 16. dxc4 Rab8 17. Qc3 Rb7 18. b4 Rfb8 19. Rab1 a5 20. Nc2 Qc8 21. Rfd1
Be7 22. Nd2 axb4 23. Rxb4 c5 24. Rxb7 Rxb7 25. Na3 Qa8 26. a5 Rb4 27. Ra1 Qxa5
28. Nc2 Qb6 29. Nxb4 cxb4 30. Qd3 g6 31. Qe3 Qxe3 32. fxe3 f5 33. Rb1 fxe4 34.
Rxb4 d5 35. Rb8+ Kf7 36. cxd5 Bxd5 37. Rb6 1/2-1/2

[Event "OBEM 2015"]
[Site "Germany , Bremen"]
[Date "2015.04.03"]
[Round "8.32"]
[White "Rose, Helmut"]
[Black "Quass, Michael"]
[Result "0-1"]
[WhiteElo "1400"]
[BlackElo "1779"]
[PlyCount "74"]
[EventDate "2015.??.??"]

1. e4 c5 2. f4 d6 3. Nf3 Nc6 4. Bc4 e6 5. O-O g6 6. d3 Bg7 7. c3 Nge7 8. Nbd2
O-O 9. Nb3 d5 10. exd5 exd5 11. Bb5 b6 12. Nbd2 Bb7 13. Qc2 Nf5 14. Re1 a6 15.
Ba4 b5 16. Bb3 c4 17. dxc4 dxc4 18. Nxc4 bxc4 19. Bxc4 Qb6+ 20. Kh1 Rfe8 21.
Rf1 Nce7 22. Bd3 Ne3 23. Bxe3 Qxe3 24. Ng5 Rad8 25. Rad1 h6 26. Rfe1 Qxf4 27.
Nh3 Qh4 28. Re3 Nd5 29. Rxe8+ Rxe8 30. Bxg6 fxg6 31. Qb3 Re1+ 32. Rxe1 Qxe1+
33. Ng1 Qe7 34. c4 Nf4 35. c5+ Kh7 36. Nf3 Bxf3 37. gxf3 Qe1# 0-1

[Event "OBEM 2015"]
[Site "Germany , Bremen"]
[Date "2015.04.03"]
[Round "8.33"]
[White "Friesen, Walter"]
[Black "Holtermann, Klaas"]
[Result "1/2-1/2"]
[WhiteElo "1764"]
[BlackElo "1507"]
[PlyCount "47"]
[EventDate "2015.??.??"]

1. Nf3 Nf6 2. g3 g6 3. b3 Bg7 4. Bb2 O-O 5. c4 c5 6. Bg2 Nc6 7. O-O Re8 8. d4
d5 9. dxc5 dxc4 10. Qc2 cxb3 11. axb3 Bf5 12. Qc3 Qc7 13. Nbd2 e5 14. e3 Nd5
15. Qc4 Ndb4 16. e4 Be6 17. Qe2 b6 {(=)} 18. Rfc1 Rad8 19. Bc3 Nd3 20. Rc2 Nxc5
21. Nc4 Nxb3 22. Ra3 Bxc4 23. Qxc4 Nc5 24. Bb2 1/2-1/2

[Event "OBEM 2015"]
[Site "Germany , Bremen"]
[Date "2015.04.03"]
[Round "8.34"]
[White "Buchloh, Falk"]
[Black "Ficken, Hartmut"]
[Result "0-1"]
[WhiteElo "1497"]
[BlackElo "1698"]
[PlyCount "60"]
[EventDate "2015.??.??"]

1. e4 c5 2. Nf3 d6 3. d4 cxd4 4. Nxd4 g6 5. Nc3 a6 6. Be3 Bg7 7. f3 b5 8. Qd2
Bb7 9. Bd3 Nd7 10. O-O-O Ngf6 11. Kb1 d5 12. Nxd5 Nxd5 13. exd5 Bxd5 14. Ne2
Qc7 15. c3 Nf6 16. Bh6 O-O 17. Bxg7 Kxg7 18. h4 Rad8 19. Nf4 Bc4 20. Qe3 e5 21.
Nh3 Rxd3 22. Rxd3 Bxd3+ 23. Qxd3 Rd8 24. Qe2 Qd6 25. Kc2 Nd5 26. Ng5 Nf4 27.
Qe4 Nxg2 28. Kb1 Nf4 29. h5 Nxh5 30. Rxh5 Qd1# 0-1

[Event "OBEM 2015"]
[Site "Germany , Bremen"]
[Date "2015.04.03"]
[Round "8.35"]
[White "Bensmann, Jannis"]
[Black "Traetmar, Mattis"]
[Result "0-1"]
[WhiteElo "841"]
[BlackElo "1689"]
[PlyCount "44"]
[EventDate "2015.??.??"]

1. d4 Nf6 2. Bf4 g6 3. Nf3 Bg7 4. e3 O-O 5. Bd3 d6 6. c3 Nc6 7. h3 Re8 8. O-O
e5 9. dxe5 dxe5 10. Bb5 Qxd1 11. Rxd1 exf4 12. Bxc6 bxc6 13. exf4 Nd5 14. Nbd2
Nxf4 15. Nc4 Bf5 16. Ne3 Be6 17. Ng5 Rad8 18. Nxe6 fxe6 19. Nc4 Rd5 20. Rxd5
cxd5 21. Ne3 Rb8 22. Rb1 Bxc3 0-1

[Event "OBEM 2015"]
[Site "Germany , Bremen"]
[Date "2015.04.03"]
[Round "8.36"]
[White "Zimmermann, Erik"]
[Black "Seliskar, Henryk"]
[Result "1/2-1/2"]
[WhiteElo "1655"]
[BlackElo "1343"]
[PlyCount "45"]
[EventDate "2015.??.??"]

1. e4 c5 2. Nc3 Nc6 3. Nf3 d6 4. Be2 Nf6 5. d4 cxd4 6. Nxd4 g6 7. Be3 a6 8. a3
Bd7 9. O-O Bg7 10. Qd2 O-O 11. Nf3 b5 12. Bh6 Qc7 13. Bxg7 Kxg7 14. Nd5 Nxd5
15. exd5 Na5 16. Qd4+ f6 17. Bd3 Rac8 18. Ng5 Qc5 19. Qxc5 Rxc5 20. Ne6+ Bxe6
21. dxe6 Rc7 22. f4 f5 23. h4 1/2-1/2

[Event "OBEM 2015"]
[Site "Germany , Bremen"]
[Date "2015.04.03"]
[Round "8.37"]
[White "Zhong, Xianghui"]
[Black "Fasmers, Ralf"]
[Result "1-0"]
[WhiteElo "1817"]
[BlackElo "1787"]
[PlyCount "95"]
[EventDate "2015.??.??"]

1. d4 e5 2. dxe5 Nc6 3. Nf3 Bc5 4. Nc3 Nge7 5. Bg5 h6 6. Bh4 g5 7. Bg3 Nf5 8.
Ne4 Be7 9. e3 d5 10. exd6 Nxd6 11. Nxd6+ Bxd6 12. Bxd6 cxd6 13. Qd2 Be6 14. a3
Qc7 15. O-O-O Rd8 16. Qc3 O-O 17. h4 g4 18. Nd4 Qd7 19. f3 Nxd4 20. Qxd4 a6 21.
Qf4 Kg7 22. Rd4 f5 23. Bc4 Bxc4 24. Rxc4 b5 25. Rd4 Qe6 26. Kb1 b4 27. Rxb4
Rde8 28. Rb7+ Rf7 29. Rxf7+ Kxf7 30. fxg4 Qe5 31. Qxf5+ Qxf5 32. gxf5 Rxe3 33.
Rd1 Ke7 34. f6+ Kxf6 35. Rxd6+ Kg7 36. Rxa6 Re1+ 37. Ka2 Re2 38. Kb3 Rxg2 39.
Ra4 Kg6 40. Rc4 Kh5 41. a4 Rg3+ 42. Kb4 Rg1 43. Kb5 Rg6 44. a5 Re6 45. b4 Re5+
46. Rc5 Rxc5+ 47. Kxc5 Kxh4 48. a6 1-0

[Event "OBEM 2015"]
[Site "Germany , Bremen"]
[Date "2015.04.03"]
[Round "8.38"]
[White "Volk, Robin"]
[Black "Rademacher, Uwe"]
[Result "0-1"]
[WhiteElo "1285"]
[BlackElo "1773"]
[PlyCount "48"]
[EventDate "2015.??.??"]

1. d4 c6 2. Bf4 d5 3. Nf3 Nf6 4. e3 Bf5 5. Bd3 e6 6. Nbd2 Be7 7. Bxf5 exf5 8.
O-O Ne4 9. Nxe4 fxe4 10. Nd2 h5 11. h3 Nd7 12. f3 g5 13. Bh2 Nf6 14. Be5 Rh6
15. fxe4 Nxe4 16. Nxe4 dxe4 17. g3 f6 18. Bxf6 Bxf6 19. Rf5 Qd6 20. Kg2 O-O-O
21. c3 h4 22. gxh4 gxh4 23. Qg4 Qe6 24. Raf1 Rg8 0-1

[Event "OBEM 2015"]
[Site "Germany , Bremen"]
[Date "2015.04.03"]
[Round "8.39"]
[White "Torkler, Wolfgang"]
[Black "Schwenke, Stefan"]
[Result "1/2-1/2"]
[WhiteElo "1399"]
[BlackElo "1742"]
[PlyCount "74"]
[EventDate "2015.??.??"]

1. e4 e6 2. d4 d5 3. exd5 exd5 4. Bd3 Qe7+ 5. Ne2 Be6 6. Nbc3 a6 7. Be3 Nc6 8.
a3 g6 9. Qd2 Bg7 10. h3 Qd7 11. b4 Nge7 12. b5 axb5 13. Bxb5 Nf5 14. Nf4 Nxe3
15. fxe3 O-O 16. O-O Qd6 17. Bxc6 Qxc6 18. Nxe6 Qxe6 19. a4 Bh6 20. Rf3 Rfe8
21. Re1 f5 22. Kh1 Bf8 23. Nb5 Qd7 24. Ra1 c6 25. Nc3 Ra6 26. Ne2 b5 27. a5
Rea8 28. Rg3 Qd6 29. Nf4 b4 30. Qe2 Bg7 31. Kh2 Rxa5 32. Rxa5 Rxa5 33. h4 Kf7
34. h5 Bxd4 35. hxg6+ hxg6 36. Rxg6 Bf6 37. Qh5 Qf8 1/2-1/2

[Event "OBEM 2015"]
[Site "Germany , Bremen"]
[Date "2015.04.03"]
[Round "8.40"]
[White "Hoose, Hannelore"]
[Black "Burblies, Andreas"]
[Result "0-1"]
[WhiteElo "1709"]
[BlackElo "1604"]
[PlyCount "66"]
[EventDate "2015.??.??"]

1. e4 c6 2. Nf3 d5 3. exd5 cxd5 4. d3 Bg4 5. Be2 Nf6 6. O-O e6 7. c3 Bd6 8. Bg5
Nbd7 9. Nbd2 O-O 10. Re1 h6 11. h3 hxg5 12. hxg4 Nxg4 13. g3 f5 14. Nd4 Qf6 15.
Nxe6 Ne3 16. fxe3 Qxe6 17. Nf1 g4 18. e4 fxe4 19. Bxg4 Qf7 20. Re2 Ne5 21. Rg2
Nxd3 22. b4 a5 23. a3 Bc7 24. Qd2 Bb6+ 25. Kh1 Nf2+ 26. Rxf2 Bxf2 27. Kg2 g6
28. Nh2 Rad8 29. Rf1 e3 30. Qe2 Qc7 31. Be6+ Kg7 32. Qf3 Rxf3 33. Kxf3 Qxg3+
0-1

[Event "OBEM 2015"]
[Site "Germany , Bremen"]
[Date "2015.04.03"]
[Round "8.41"]
[White "Bilek, Sadat"]
[Black "Laubrock, Sophia"]
[Result "0-1"]
[WhiteElo "1000"]
[BlackElo "1492"]
[PlyCount "62"]
[EventDate "2015.??.??"]

1. d4 Nf6 2. c3 e6 3. Bf4 Be7 4. Nf3 d6 5. Qd3 O-O 6. Nbd2 Nbd7 7. e4 b6 8. e5
dxe5 9. dxe5 Nd5 10. Be3 Bb7 11. Rc1 c5 12. c4 Nxe3 13. Qxe3 Qc7 14. Bd3 Rad8
15. Rc3 Nb8 16. O-O Nc6 17. Re1 Rd7 18. Be4 Rfd8 19. a3 Nd4 20. Rd3 Bxe4 21.
Qxe4 Nxf3+ 22. Rxf3 Rxd2 23. Rh3 h6 24. g4 R8d4 25. Qa8+ Kh7 26. Rf1 Rxg4+ 27.
Rg3 Rxg3+ 28. fxg3 Qxe5 29. Rxf7 Qe3+ 30. Kf1 Qe2+ 31. Kg1 Rd1+ 0-1

[Event "OBEM 2015"]
[Site "Germany , Bremen"]
[Date "2015.04.03"]
[Round "8.42"]
[White "Maul, Maik"]
[Black "Krueger, Gerhard"]
[Result "1/2-1/2"]
[WhiteElo "1000"]
[BlackElo "1398"]
[PlyCount "80"]
[EventDate "2015.??.??"]

1. d4 d5 2. Nf3 Nf6 3. Nc3 c5 4. dxc5 e6 5. Bf4 Bxc5 6. Nb5 Qa5+ 7. Nc3 Qb6 8.
Rb1 O-O 9. e3 Bd6 10. Bg5 Nbd7 11. Bb5 a6 12. Bxd7 Nxd7 13. Qd3 h6 14. Bh4 Qc7
15. e4 dxe4 16. Nxe4 Ne5 17. Qxd6 Qxd6 18. Nxd6 Ng6 19. Nxc8 Raxc8 20. Rc1 Nf4
21. O-O Ne2+ 22. Kh1 Nxc1 23. Rxc1 g5 24. Bg3 Rfd8 25. h4 f6 26. hxg5 hxg5 27.
c3 e5 28. Nh2 Rd2 29. Ng4 Kg7 30. Rb1 Rcd8 31. Ne3 Kg6 32. Nc4 R2d3 33. a4 b5
34. axb5 axb5 35. Na5 Rd1+ 36. Rxd1 Rxd1+ 37. Kh2 Rb1 38. b4 Rc1 39. f3 Rxc3
40. Be1 Rc2 1/2-1/2

[Event "OBEM 2015"]
[Site "Germany , Bremen"]
[Date "2015.04.03"]
[Round "8.43"]
[White "Vaske, Philipp"]
[Black "Scheunemann, Daniel"]
[Result "0-1"]
[WhiteElo "947"]
[BlackElo "1361"]
[PlyCount "78"]
[EventDate "2015.??.??"]

1. e4 c5 2. Nc3 Nc6 3. Bc4 e6 4. Nf3 d6 5. d3 Be7 6. O-O Nf6 7. Bg5 h6 8. Bxf6
Bxf6 9. Bb5 O-O 10. Bxc6 bxc6 11. d4 cxd4 12. Nxd4 c5 13. Nf3 Rb8 14. Rb1 Bb7
15. Re1 d5 16. e5 Be7 17. Na4 Qa5 18. b3 Bc6 19. Qd2 Qa6 20. Ra1 Bxa4 21. bxa4
Qxa4 22. c3 Rb7 23. Reb1 Rfb8 24. Rxb7 Rxb7 25. Qc1 c4 26. g3 Ba3 27. Qd1 Qa5
28. Rb1 Bb2 29. a4 Qxc3 30. Kg2 Rb3 31. Nd4 Qxd4 32. Qxd4 Bxd4 33. Rd1 Bxe5 34.
Kf1 c3 35. Rc1 Rb2 36. Ke1 d4 37. Kd1 d3 38. Ra1 Rxf2 39. Ra3 c2+ 0-1